00000000nam 2200000zi 4500
0019.938871
003CaOODSP
00520241125161634
006m     o  d f      
007cr |n|||||||||
008240531e19900330onc     ob   f00| 0|eng d
040 |aCaOODSP|beng|erda|cCaOODSP
043 |an-cn---
0861 |aCo22-700/1-1990E-PDF
1001 |aTownsend, David, |eauthor.
24510|aMandatory radio standards in Canada / |cprincipal investigators: David Townsend, J.J. O'Shaughnessy.
264 1|a[Ottawa] : |b[Department of Communications], |cMarch 30, 1990.
300 |a1 online resource (v, 115 pages, 12a pages)
336 |atext|btxt|2rdacontent
337 |acomputer|bc|2rdamedia
338 |aonline resource|bcr|2rdacarrier
500 |aDigitized edition from print [produced by Innovation, Science and Economic Development Canada].
500 |aIssued also in French under title: Normes radioelectriques obligatoires au Canada.
500 |a"This study was performed pursuant to Research Contract 36100-9-0276 between the Department of Communications for Canada and The University of New Brunswick (UNE)."
504 |aIncludes bibliographical references.
650 0|aRadio broadcasting|xStandards|zCanada.
650 0|aRadio broadcasting policy|zCanada.
7101 |aCanada. |bDepartment of Communications, |eissuing body.
77508|tNormes radioelectriques obligatoires au Canada / |w(CaOODSP)9.945471
85640|qPDF|s2.56 MB|uhttps://publications.gc.ca/collections/collection_2024/isde-ised/co22/Co22-700-1-1990-eng.pdf